000 00593nam a2200217Ia 4500
005 20250326144122.0
008 250326s9999 xx 000 0 und d
020 _a1-84480-120-9
037 _aTextbook
040 _aFMSL
_beng
_cFMSL
041 _aeng
_2eng
084 _aX:51 P6
_qFMSL
100 _aBlythe J
_9749069
245 0 _aPrinciples & practice of marketing
_cBlythe J
260 _aUnited Kingdom
_bUnited Kingdom, Thomson
_c2006
300 _a744p
365 _b3543.2357999999999
650 _aMarketing
942 _cTB
_hX:51 P6
999 _c1302427
_d1302427